MDQL
is popping MORE tags! Check the
thread
!
Quizzes
Events
Quiz Creation
Community
Videos
Private Events
Remove Ads
Sign In
Join for FREE
Feedback
Dark Mode
Quiz Categories
Sports
Geography
Music
Movies
Television
Just For Fun
Miscellaneous
History
Literature
Language
Science
Gaming
Entertainment
Religion
Holiday
For Kids
Quiz Lab
Recent
Popular Today
Quiz Kudos Today
Editor Picks
Curator Picks
Quizzes by...
Day
Popularity
Type
Ratings
Length
Year
Community
Subscriptions
Recent Discussions
Orange Saloon
Badges
Playlists
Quests
Create
Leaderboards
Showdown
Live 5
Trivia Bingo
Activity
Puzzle Library
Sporcle Events
Private Events
Virtual Trivia
Globe League
Become a Host
Pub Owners
SporcleCon
Opinionation
Our Games
Videos
Blog
Mobile Apps
Partnerships
Remove Ads and Go Orange
Feedback
Miscellaneous
Crossword
General Knowledge
Baby Names
Logo
Food
Cars
Numbers
Grab Bag
University
College
Popular
Company
Slogans
Restaurants
Justice
Letter
Miscellaneous
Crossword
General Knowledge
Baby Names
Logo
Food
Cars
Numbers
Grab Bag
University
College
Popular
Company
Slogans
Restaurants
Justice
Letter
Random Quiz
Search Sporcle
×
Quiz Lab
Quiz Lab
Miscellaneous
State
Type in answers that appear in a list
Type in answers that appear in a list
Classic
Best Score? Go Orange.
The State Quiz Stats
Can you name the answers that contain a name of an U.S. state?
By
GeoExpert
5m
24 Questions
106 Plays
106 Plays
106 Plays
Comments
Comments
Give Quiz Kudos
Give Quiz Kudos
-
- Ratings
hide this ad
Random Order
Randomize order of answers
Randomize order of answers
Replay
Link that replays current quiz
Next Quiz
Link to next quiz in quiz playlist
You Got
0%
They Got
Avg Score
49%
Avg Friend Score
Upgrade to see
Score Distribution
Jump to the score distribution portion of the page
Score
0/24
Timer
05:00
0
Plays Today
Hint
Answer
% Correct
Fast food restaurant chian that is abbreviated as KFC
Kentucky Fried Chicken
88.7%
Harrison Ford's character in 'Raiders of the Lost Ark' and others in the namesake franchise
Indiana Jones
84.9%
D.C. street in which the White House is located
Pennsylvania Avenue
77.4%
Man elected U.S. President in 1789
George Washington
74.5%
1974 rock song by Lynyrd Skynyrd
Sweet Home Alabama
67.9%
A type of Poker game that involves 'community cards'
Texas Hold'em
67%
Dorothy's famous line in 'The Wizard of Oz'
We're Not in Kansas Anymore
65.1%
Hall of Fame quarterback and thrice Super Bowl MVP
Joe Montana
63.2%
Peninsula of northwestern Mexico
Baja California
60.4%
Computer game that simulates 1800's American pioneer life
The Oregon Trail
58.5%
The largest lake located in only a single nation
Lake Michigan
56.6%
Location of the U.S. Air Force Academy
Colorado Springs
48.1%
Hint
Answer
% Correct
American playwright and Tony award winner born in 1911
Tennessee Williams
48.1%
Sports team that employs Joe Mauer and Trevor Plouffe
Minnesota Twins
44.3%
Mountain range whose highest point is Mount Whitney
Sierra Nevada
41.5%
British author who wrote 'To the Lighthouse' and 'Mrs Dalloway'
Virginia Woolf
37.7%
Airline carrier based in Seattle that operates the Pacific Northwest
Alaska Airlines
35.8%
CBS television program featuring Wo Fat and Che Fong
Hawaii Five-O
35.8%
Codename for the westernmost landing spot in Normandy on D-
Day
Utah Beach
34%
NCAA conference that Murray State and Morehead State call home
Ohio Valley Conference
27.4%
British territory in the South Atlantic
South Georgia
22.6%
Commeration of some 1,000 U.S. soldiers who perished due to the events of December 7, 1941
USS Arizona Memorial
21.7%
Former home stadium of the EPL's Manchester City
Maine Road
17%
In the American Civil War, the name of the mission that ended in the Battle of Sharpsburg
Maryland Campaign
9.4%
Quiz Playlist
Details
Report
Send in Message
Add To Playlist
Classic:
Type in answers that appear in a list
Random Order:
Randomize order of answers
Last Updated: Feb 16, 2017
Quiz Scoreboard
CHALLENGE
Sign Up to Join the Scoreboard
Show All
Scores
Hide
Comments
May contain spoilers
Recently Published
Two Season TV Shows II
by 123Four
Television
10m
Image Sorting: Flags VI
by Barbecue
Geography
2m
Find the 'City' Movie
by crazypaving
Movies
60s
More to Explore
Quiz From the Vault
Featured Blog Post
14 Easter Pick-up Lines to Find Eggs With
hide this ad
You Might Also Like...
Tags
Popular Quiz
State Quiz
Today's Top Quizzes in Miscellaneous
Browse Miscellaneous
hide this ad
Today's Top Quizzes in State
Browse State
Top Contributed Quizzes in Miscellaneous
1
The JOE quick-fire general knowledge quiz: Day 174
2
5-to-1: Fast Food
3
9x9 Crossword: Disney Movie Titles
4
The JOE quick-fire general knowledge quiz: Day 173
5
9x9 Crossword: Charlie and the Chocolate Factory
6
9x9 Crossword: The Simpsons
7
9x9 Crossword: Flags
8
9x9 Crossword: 2022 Movies
9
9x9 Crossword: Actors
10
9x9 Crossword: Pixar Movie Titles
Explore More
Trending Topics
Kpop
Anime
Harry Potter
Disney
NBA
Crossword
Marvel
NFL
Soccer
Pokémon
WWE
Country
The Office
Puzzle
Song
hide this ad
More By:
GeoExpert
Quiz
Plays
Rating
Category
Featured
Created
Seven Ways to Reach First Base
1,086,490
4.16
Sports
Sep 9, 2009
Most Visited Cities
390,047
4.23
Geography
Sep 1, 2009
Top 20 Cities of Germany on a Map
324,571
4.70
Geography
Sep 6, 2009
Cities and Countries
311,425
4.28
Geography
May 29, 2009
Top 20 Cities of Spain on a Map
255,196
4.52
Geography
Aug 18, 2009
Go to Creator's Profile
Score Distribution
Quiz Creator Spotlight
GeoExpert
Follow
Send a Message
Quizzes Created
-
Created Quiz Play Count
-
More By This Creator
Popular Quizzes Today
1
Find the US States - No Outlines Minefield
2
Colored Red Africa Blitz
3
Find the 'City' Movie
4
5x2 Blitz: Bands
5
The Countries of the World
6
Find the Countries of Europe - No Outlines Minefield
7
Find the US States
8
US States
More Miscellaneous Quizzes
Born in the Bay Area
Editor's Pick
Trending Quizzes
Colored Red Europe Blitz I
Colored Red Africa Blitz II
Colored Red Europe Blitz II
Colored Red Europe Blitz III
Colored Red Africa Blitz III
Recently Updated
How Do You Spell That?
pecheneg
Godzilla Movies
pecheneg
Grab Bag: 4-10 Letters
pecheneg
2024 March Madness Bracket
pecheneg
Famous TV Couples
Peacemaker
Champions League XIs: Real Madrid
pecheneg
Largest US Cities 1790-2010
pecheneg
Rides in Walt Disney World
pecheneg
Most Oscar Losses (Acting)
pecheneg
Beyoncé Albums
pecheneg
Trending Topics
NBA
Marvel
Anime
Kpop
Disney
Crossword
Harry Potter
NFL
Song
Soccer
WWE
Puzzle
Pokémon
Country
The Office
Your Account Isn't Verified!
In order to create a playlist on Sporcle, you need to verify the email address you used during registration. Go to your
Sporcle Settings
to finish the process.
Report this User
Report this user for behavior that violates our
Community Guidelines
.
Details:
Send Report
Go to the Sporcle.com Mobile Site →
Comments